Warframe | Every Warframe - Statistics

General Stats
  • This quiz has been taken 28 times
    18 since last reset
  • The average score is 51 of 60
Answer Stats
Answer % Correct
Atlas
100%
Caliban
100%
Dante
100%
Equinox
100%
Excalibur
100%
Frost
100%
Gauss
100%
Grendel
100%
Hildryn
100%
Limbo
100%
Mag
100%
Mesa
100%
Saryn
100%
Volt
100%
Yareli
100%
Ash
92%
Chroma
92%
Garuda
92%
Gyre
92%
Inaros
92%
Jade
92%
Revenant
92%
Rhino
92%
Wukong
92%
Xaku
92%
Zephyr
92%
Banshee
85%
Baruuk
85%
Cyte-09
85%
Ember
85%
Gara
85%
Khora
85%
Lavos
85%
Nezha
85%
Nidus
85%
Nova
85%
Octavia
85%
Qorvex
85%
Sevagoth
85%
Titania
85%
Valkyr
85%
Wisp
85%
Citrine
77%
Dagath
77%
Hydroid
77%
Ivara
77%
Koumei
77%
Kullervo
77%
Loki
77%
Mirage
77%
Nekros
77%
Harrow
69%
Protea
69%
Trinity
69%
Voruna
69%
Nyx
62%
Oberon
62%
Styanax
62%
Temple
62%
Vauban
62%
No matching quizzes found
Score Distribution
Percent of People with Each Score
Percentile by Number Answered
Your Score History
You have not taken this quiz since the last reset